000 00426nam a2200169Ia 4500
008 230524s9999 xx 000 0 und d
020 _a9788127242619
082 _a658.45
_bSAN
100 _aC.N.Sontakki
245 0 _aMarketing Management (In The Indian Background)
250 _aIST
260 _aNEW DELHI
_bKalyani
_c2008
300 _aXXI;813
500 _aQuantity Number: 5
650 _aManagement
942 _cBK
999 _c41504
_d41504